000 00448nam a2200181Ia 4500
008 230711s9999||||xx |||||||||||||| ||und||
020 _a978-93-5097-073-7
041 _aENG
082 _a658
_bBA-R
100 _aBadi,Ravindranath V
245 0 _aRural marketing
250 _a2nd Ed.
260 _c2011
_aMumbai
_bHimalaya Publishing House
300 _a563
650 _aUNIVESITY BUSNIESS SCHOOL
700 _aBadi,Narayansa V
942 _cBK
999 _c5582
_d5582